[Event "WchT Seniors 50"]
[Site "Prague"]
[Date "2020.03.10"]
[Round "5.9"]
[White "Bartos, Jan"]
[Black "Bellin, Jana"]
[Result "1/2-1/2"]
[WhiteElo "2102"]
[BlackElo "2020"]
[PlyCount "101"]
[EventDate "2020.03.06"]
[EventType "team-swiss"]
[EventRounds "7"]
[EventCountry "CZE"]
[SourceTitle "CBM 195 Extra"]
[Source "ChessBase"]
[SourceDate "2020.05.31"]
[SourceVersion "1"]
[SourceVersionDate "2020.05.31"]
[SourceQuality "1"]
[WhiteTeam "Czech Republic 50 V"]
[BlackTeam "England 50 (W)"]
[WhiteTeamCountry "CZE"]
[BlackTeamCountry "ENG"]

1. d4 Nf6 2. c4 c5 3. d5 e5 4. Nc3 d6 5. e4 Be7 6. Bd3 a6 7. a3 0-0 8. Nf3 Ne8 9. 0-0 Nd7 10. b4 b6 11. Rb1 g6 12. Bh6 Ng7 13. Qd2 Nf6 14. bxc5 bxc5 15. h3 Bd7 16. Rb7 Rb8 17. Rxb8 Qxb8 18. Rb1 Qc8 19. Kh2 Kh8 20. Qb2 Ng8 21. Bd2 f5 22. Qb7 Nf6 23. Qxc8 Bxc8 24. Rb6 Rd8 25. exf5 gxf5 26. Bc2 Nd7 27. Rc6 Kg8 28. Bg5 Bxg5 29. Nxg5 Nf6 30. Na4 h6 31. Nf3 Nfe8 32. Nd2 a5 33. Rb6 Bd7 34. Rb7 f4 35. Nb6 Bf5 36. Bxf5 Nxf5 37. f3 Nf6 38. Nb3 a4 39. Na5 Ne3 40. Nc6 Re8 41. g4 e4 42. Ne7+ Kf8 43. Ng6+ Kg8 44. Nxf4 exf3 45. Kg3 Ne4+ 46. Kxf3 Nd2+ 47. Kg3 Nexc4 48. Nd7 Ne4+ 49. Kh4 Ne5 50. Nxe5 Rxe5 51. Ng6 1/2-1/2

[Event "BCF-chT2a 1920 (4NCL)"]
[Site "Daventry"]
[Date "2020.02.29"]
[Round "1.17"]
[White "Midhun, PU."]
[Black "Bellin, Jana"]
[Result "1/2-1/2"]
[WhiteElo "2135"]
[BlackElo "2027"]
[PlyCount "47"]
[EventDate "2020.01.11"]
[EventType "team-tourn"]
[EventRounds "11"]
[EventCountry "ENG"]
[SourceTitle "CBM 195 Extra"]
[Source "ChessBase"]
[SourceDate "2020.05.31"]
[SourceVersion "1"]
[SourceVersionDate "2020.05.31"]
[SourceQuality "1"]
[WhiteTeam "West is Best"]
[BlackTeam "The ADS"]
[WhiteTeamCountry "ENG"]
[BlackTeamCountry "ENG"]

1. Nf3 Nf6 2. g3 b6 3. Bg2 Bb7 4. 0-0 c5 5. c4 g6 6. b3 Bg7 7. Bb2 0-0 8. Nc3 Na6 9. Re1 Rc8 10. d4 cxd4 11. Qxd4 Nc7 12. Rad1 Ne6 13. Qh4 Rc5 14. Nd5 Bxd5 15. cxd5 Rxd5 16. Rxd5 Nxd5 17. Bxg7 Kxg7 18. Qa4 Qb8 19. Qxd7 Rd8 20. Qa4 b5 21. Qe4 Nf6 22. Qb4 Nd5 23. Qe4 Nf6 24. Qb4 1/2-1/2

[Event "BCF-chT2a 1819 (4NCL)"]
[Site "England"]
[Date "2019.02.09"]
[Round "5.27"]
[White "Galloway, Iain"]
[Black "Bellin, Jana"]
[Result "1/2-1/2"]
[WhiteElo "2087"]
[BlackElo "2042"]
[PlyCount "61"]
[EventDate "2018.11.10"]
[EventType "team-tourn"]
[EventRounds "11"]
[EventCountry "ENG"]
[SourceTitle "EXT 2021"]
[Source "ChessBase"]
[SourceDate "2020.10.23"]
[SourceVersion "1"]
[SourceVersionDate "2020.10.23"]
[SourceQuality "1"]
[WhiteTeam "Warwicks Select"]
[BlackTeam "The ADS"]
[WhiteTeamCountry "ENG"]
[BlackTeamCountry "ENG"]

1. d4 Nf6 2. Nf3 c5 3. e3 e6 4. Bd3 b6 5. 0-0 Bb7 6. Nbd2 Nc6 7. c3 d5 8. Ne5 Bd6 9. f4 0-0 10. Rf3 Ne4 11. Rh3 f5 12. Ndf3 Nxe5 13. Nxe5 Bxe5 14. fxe5 Qe7 15. Bd2 Nxd2 16. Qxd2 a5 17. Qe2 g6 18. Rf1 Rf7 19. Rf2 Qd7 20. Rg3 Kh8 21. h4 Rg8 22. Rf4 h6 23. Rh3 Bc8 24. g4 Qe7 25. Kh2 c4 26. Bb1 Bd7 27. Qf1 Rfg7 28. g5 h5 29. Rhf3 Rc8 30. Rf2 Rc7 31. Qe2 1/2-1/2

[Event "BCF-chT2 1617 (4NCL) Promotion pool"]
[Site "England"]
[Date "2017.05.01"]
[Round "11.48"]
[White "Bellin, Jana"]
[Black "Phillips, David"]
[Result "1/2-1/2"]
[WhiteElo "2020"]
[BlackElo "1834"]
[PlyCount "80"]
[EventDate "2016.11.19"]
[EventType "team-tourn"]
[EventRounds "11"]
[EventCountry "ENG"]
[SourceTitle "EXT 2019"]
[Source "ChessBase"]
[SourceDate "2018.10.10"]
[SourceVersion "1"]
[SourceVersionDate "2018.10.10"]
[SourceQuality "1"]
[WhiteTeam "The ADS"]
[BlackTeam "Warwicks Select"]
[WhiteTeamCountry "ENG"]
[BlackTeamCountry "ENG"]

1. d4 Nf6 2. Bf4 e6 3. e3 d5 4. Nd2 Bd6 5. Bxd6 Qxd6 6. f4 h5 7. Bd3 c5 8. c3 cxd4 9. cxd4 Nc6 10. a3 Bd7 11. Ngf3 Ne7 12. Ne5 Nf5 13. Qe2 Kf8 14. Kf2 Rh6 15. g3 Ke7 16. Rac1 Rah8 17. h4 Ng4+ 18. Nxg4 hxg4 19. Nf1 Qb6 20. Nh2 Rg6 21. Nxg4 Nxg3 22. Kxg3 f5 23. Kf2 Rxg4 24. Rcg1 Rgxh4 25. Rxg7+ Kf6 26. Rxh4 Rxh4 27. Kg3 Kxg7 28. Kxh4 Qd8+ 29. Kg3 Qf6 30. Qh5 Qg6+ 31. Qg5 Ba4 32. Be2 Kh7 33. Bh5 Qg7 34. Kh4 Bc2 35. Be8 Bd1 36. Qxg7+ Kxg7 37. Kg5 Kf8 38. Bd7 Ke7 39. Bc8 b6 40. Kg6 a5 1/2-1/2

[Event "BCF-chT2d 1516 (4NCL) Demotion pool"]
[Site "England"]
[Date "2016.03.20"]
[Round "8.30"]
[White "Freeman, Richard"]
[Black "Bellin, Jana"]
[Result "1-0"]
[WhiteElo "2019"]
[BlackElo "2102"]
[PlyCount "91"]
[EventDate "2015.11.14"]
[EventType "team-tourn"]
[EventRounds "4"]
[EventCountry "ENG"]
[SourceTitle "EXT 2017"]
[Source "ChessBase"]
[SourceDate "2016.10.25"]
[SourceVersion "1"]
[SourceVersionDate "2016.10.25"]
[SourceQuality "1"]
[WhiteTeam "MK Phoenix"]
[BlackTeam "The ADS"]
[WhiteTeamCountry "ENG"]
[BlackTeamCountry "ENG"]

1. f4 d5 2. Nf3 Nf6 3. e3 Bg4 4. Be2 e6 5. 0-0 Nbd7 6. b3 Be7 7. Bb2 0-0 8. Na3 c6 9. c4 Ne4 10. d3 Bf6 11. Ne5 Bxe2 12. Qxe2 Nec5 13. Nxd7 Nxd7 14. Bxf6 Nxf6 15. Nc2 Qb6 16. Kh1 Rfd8 17. e4 dxe4 18. dxe4 a5 19. e5 Nd7 20. f5 Nf8 21. f6 Ng6 22. fxg7 Qc5 23. Rae1 Rd7 24. Qh5 Rad8 25. Ne3 Qxe5 26. Nf5 Qc7 27. Nh6+ Kxg7 28. Ng4 Rd4 29. g3 Rd2 30. Qh6+ Kh8 31. Nf6 Nf8 32. Ne8 Rxh2+ 33. Kxh2 Rxe8 34. Rf6 Ng6 35. Ref1 Ne5 36. R1f4 Rg8 37. Qh5 Qd6 38. Re4 Qd2+ 39. Re2 Qxe2+ 40. Qxe2 Ng4+ 41. Kg2 Nxf6 42. Qe5 Kg7 43. Qg5+ Kf8 44. Qxf6 Rg6 45. Qd8+ Kg7 46. Qxa5 1-0

[Event "BCF-chT1d 1415 (4NCL) Demotion pool"]
[Site "England"]
[Date "2015.05.03"]
[Round "10.178"]
[White "Bellin, Jana"]
[Black "Smith, Lynda"]
[Result "1-0"]
[WhiteElo "2065"]
[BlackElo "1870"]
[PlyCount "93"]
[EventDate "2014.11.15"]
[EventType "team-tourn"]
[EventRounds "4"]
[EventCountry "ENG"]
[SourceTitle "EXT 2023"]
[Source "ChessBase"]
[SourceDate "2022.10.05"]
[SourceVersion "1"]
[SourceVersionDate "2022.10.05"]
[SourceQuality "1"]
[WhiteTeam "The ADS"]
[BlackTeam "Hackney"]
[WhiteTeamCountry "ENG"]
[BlackTeamCountry "ENG"]

1. d4 f5 2. c4 Nf6 3. Nc3 g6 4. Bg5 Bg7 5. Qd2 Nc6 6. e3 d6 7. d5 Ne5 8. f4 Nf7 9. Bh4 e5 10. dxe6 Bxe6 11. Nf3 0-0 12. Nd4 Qd7 13. h3 Rfe8 14. Be2 c6 15. 0-0 Rad8 16. Rad1 Qc7 17. Rfe1 a6 18. Nxe6 Rxe6 19. Bf3 Rde8 20. g4 Ne4 21. Nxe4 fxe4 22. Be2 b5 23. Rc1 Qb6 24. Red1 bxc4 25. Bxc4 d5 26. Bb3 Nd6 27. Kg2 Kh8 28. Be1 Nb5 29. Qe2 a5 30. Ba4 Nc7 31. Bc3 Rb8 32. Qd2 Bxc3 33. Qxc3+ Kg8 34. b3 Nb5 35. Qc5 Qa6 36. Rc2 Kf7 37. Kf2 Rb7 38. Rdc1 Rb8 39. Bxb5 Rxb5 40. Qd4 Kg8 41. f5 Rb4 42. Qb2 Rd6 43. Qe5 d4 44. Qxd6 dxe3+ 45. Kxe3 Qb6+ 46. Rc5 a4 47. f6 1-0

[Event "BCF-chT1d 1415 (4NCL) Demotion pool"]
[Site "England"]
[Date "2015.05.02"]
[Round "9.177"]
[White "Bellin, Jana"]
[Black "Spencer, Carl J"]
[Result "1/2-1/2"]
[WhiteElo "2065"]
[BlackElo "2169"]
[PlyCount "36"]
[EventDate "2014.11.15"]
[EventType "team-tourn"]
[EventRounds "4"]
[EventCountry "ENG"]
[SourceTitle "EXT 2023"]
[Source "ChessBase"]
[SourceDate "2022.10.05"]
[SourceVersion "1"]
[SourceVersionDate "2022.10.05"]
[SourceQuality "1"]
[WhiteTeam "The ADS"]
[BlackTeam "Cambridge"]
[WhiteTeamCountry "ENG"]
[BlackTeamCountry "ENG"]

1. d4 e6 2. Nf3 Nf6 3. Bf4 c5 4. e3 Nc6 5. c3 Be7 6. Bd3 Nh5 7. Bg3 Nxg3 8. hxg3 h6 9. Nbd2 d5 10. Qe2 Qb6 11. Rb1 Bd7 12. dxc5 Bxc5 13. Nb3 Bd6 14. Nbd4 0-0-0 15. Nxc6 Bxc6 16. Nd4 Bd7 17. Bb5 Bxb5 18. Qxb5 Qxb5 1/2-1/2

[Event "BCF-chT1a 1415 (4NCL)"]
[Site "England"]
[Date "2015.01.10"]
[Round "3.147"]
[White "Maroroa, Sue Yuchan"]
[Black "Bellin, Jana"]
[Result "1/2-1/2"]
[WhiteElo "2096"]
[BlackElo "2090"]
[PlyCount "83"]
[EventDate "2014.11.15"]
[EventType "team-swiss"]
[EventRounds "11"]
[EventCountry "ENG"]
[SourceTitle "EXT 2016"]
[Source "ChessBase"]
[SourceDate "2015.10.08"]
[SourceVersion "1"]
[SourceVersionDate "2015.10.08"]
[SourceQuality "1"]
[WhiteTeam "White Rose"]
[BlackTeam "The ADS"]
[WhiteTeamCountry "ENG"]
[BlackTeamCountry "ENG"]

1. e4 c5 2. Nf3 e6 3. d4 cxd4 4. Nxd4 a6 5. c4 Nf6 6. Nc3 Bb4 7. Qd3 Nc6 8. Nxc6 dxc6 9. Qxd8+ Kxd8 10. e5 Nd7 11. Bf4 Bxc3+ 12. bxc3 b5 13. 0-0-0 Kc7 14. h4 bxc4 15. Bxc4 a5 16. Rd6 Nb6 17. Bb3 Ba6 18. Be3 a4 19. Bxb6+ Kxb6 20. Bxa4 Bb5 21. Bb3 Ba4 22. Kb2 Bxb3 23. axb3 Ra5 24. Rhd1 Rha8 25. R1d2 Rxe5 26. b4 Re4 27. g3 Ra7 28. Kb3 f5 29. c4 e5 30. Rd8 Rb7 31. Ra2 Kc7 32. Raa8 f4 33. gxf4 Rxf4 34. h5 Rxf2 35. Rg8 Rf3+ 36. Ka4 Kd6 37. Rge8 Rf1 38. Rad8+ Kc7 39. Rc8+ Kd6 40. Rcd8+ Kc7 41. Rc8+ Kd7 42. Rcd8+ 1/2-1/2

[Event "BCF-chT2b 1314 (4NCL)"]
[Site "England"]
[Date "2014.02.15"]
[Round "5.87"]
[White "Bellin, Jana"]
[Black "Slinger, Tony J"]
[Result "1/2-1/2"]
[WhiteElo "2087"]
[BlackElo "1941"]
[PlyCount "87"]
[EventDate "2013.11.16"]
[EventType "team-swiss"]
[EventRounds "11"]
[EventCountry "ENG"]
[SourceTitle "EXT 2015"]
[Source "ChessBase"]
[SourceDate "2014.11.20"]
[SourceVersion "1"]
[SourceVersionDate "2014.11.20"]
[SourceQuality "1"]
[WhiteTeam "The ADS"]
[BlackTeam "Bradford DCA Knights"]
[WhiteTeamCountry "ENG"]
[BlackTeamCountry "ENG"]

1. d4 e6 2. Nf3 c5 3. e3 Nf6 4. Bd3 b6 5. 0-0 Bb7 6. Nbd2 Be7 7. b3 d6 8. Bb2 Nbd7 9. c4 Qc7 10. Rc1 0-0 11. Qe2 Rfe8 12. e4 e5 13. d5 g6 14. g3 Bf8 15. Nh4 Bg7 16. Rce1 a5 17. a4 Rf8 18. f4 Rae8 19. Ndf3 Bc8 20. f5 Nb8 21. Nd2 g5 22. Nhf3 h6 23. Bc1 Nh7 24. h4 f6 25. hxg5 fxg5 26. Nh2 Nd7 27. Ng4 Ndf6 28. Nxf6+ Nxf6 29. g4 Nh7 30. Rf2 Qe7 31. Rh2 Qf6 32. Nf1 Qe7 33. Ng3 Nf6 34. Kg2 Kf7 35. Reh1 Rh8 36. Be3 Reg8 37. Nh5 Kf8 38. Nxf6 Qxf6 39. Qd2 Bd7 40. Be2 Be8 41. Bf3 Bf7 42. Kf1 Ke8 43. Ke2 Kd7 44. Kd3 1/2-1/2

[Event "BCF-chT2d 1213 (4NCL) Demotion pool"]
[Site "England"]
[Date "2013.05.06"]
[Round "11.56"]
[White "Bellin, Jana"]
[Black "McCorry, Robert T"]
[Result "1/2-1/2"]
[WhiteElo "2128"]
[BlackElo "2076"]
[PlyCount "33"]
[EventDate "2012.11.03"]
[EventType "team-tourn"]
[EventRounds "4"]
[EventCountry "ENG"]
[SourceTitle "EXT 2014"]
[Source "ChessBase"]
[SourceDate "2013.11.20"]
[SourceVersion "1"]
[SourceVersionDate "2013.11.20"]
[SourceQuality "1"]
[WhiteTeam "The ADS"]
[BlackTeam "Poisoned Pawns"]
[WhiteTeamCountry "ENG"]
[BlackTeamCountry "ENG"]

1. d4 Nf6 2. Nf3 g6 3. c4 Bg7 4. Nc3 d5 5. Bg5 Ne4 6. cxd5 Nxg5 7. Nxg5 e6 8. Nf3 exd5 9. b4 0-0 10. e3 Be6 11. Bd3 Qe7 12. Rb1 Nd7 13. 0-0 c6 14. Qb3 a6 15. a4 f5 16. Ne2 g5 17. Qc2 1/2-1/2

[Event "BCF-chT2d 1213 (4NCL) Demotion pool"]
[Site "England"]
[Date "2013.05.05"]
[Round "10.66"]
[White "Hewitt, William"]
[Black "Bellin, Jana"]
[Result "1/2-1/2"]
[WhiteElo "2082"]
[BlackElo "2128"]
[PlyCount "75"]
[EventDate "2012.11.03"]
[EventType "team-tourn"]
[EventRounds "4"]
[EventCountry "ENG"]
[SourceTitle "EXT 2014"]
[Source "ChessBase"]
[SourceDate "2013.11.20"]
[SourceVersion "1"]
[SourceVersionDate "2013.11.20"]
[SourceQuality "1"]
[WhiteTeam "Rhyfelwyr Essyllwg"]
[BlackTeam "The ADS"]
[WhiteTeamCountry "ENG"]
[BlackTeamCountry "ENG"]

1. e4 c5 2. Nf3 e6 3. d4 cxd4 4. Nxd4 a6 5. Bd3 Nf6 6. 0-0 d6 7. c4 Be7 8. Nc3 Qc7 9. Qe2 b6 10. Kh1 Nbd7 11. f4 0-0 12. Bd2 Nc5 13. Bc2 Re8 14. b4 Ncd7 15. Rae1 Nf8 16. a3 Bb7 17. Bd3 Rad8 18. Rc1 Qb8 19. Be3 Rc8 20. Nf3 N8d7 21. Bd4 e5 22. fxe5 dxe5 23. Be3 a5 24. Rb1 axb4 25. axb4 Bc6 26. Qd2 Qc7 27. Rfc1 Red8 28. Nd5 Bxd5 29. cxd5 Qd6 30. Rxc8 Rxc8 31. Qb2 Ng4 32. Bg1 g6 33. h3 Ngf6 34. Bh2 Nh5 35. Nxe5 Bf6 36. Nxd7 Qxd7 37. Be5 Bxe5 38. Qxe5 1/2-1/2

[Event "BCF-chT2b 1213 (4NCL)"]
[Site "England"]
[Date "2012.11.04"]
[Round "2.56"]
[White "Thomas, Richard Huw"]
[Black "Bellin, Jana"]
[Result "1/2-1/2"]
[WhiteElo "2183"]
[BlackElo "2128"]
[PlyCount "75"]
[EventDate "2012.11.03"]
[EventType "team-tourn"]
[EventRounds "7"]
[EventCountry "ENG"]
[SourceTitle "EXT 2014"]
[Source "ChessBase"]
[SourceDate "2013.11.20"]
[SourceVersion "1"]
[SourceVersionDate "2013.11.20"]
[SourceQuality "1"]
[WhiteTeam "Kings Head"]
[BlackTeam "The ADS"]
[WhiteTeamCountry "ENG"]
[BlackTeamCountry "ENG"]

1. Nf3 Nf6 2. g3 b6 3. Bg2 Bb7 4. 0-0 c5 5. c4 g6 6. b3 Bg7 7. Bb2 0-0 8. Nc3 a6 9. d4 cxd4 10. Qxd4 Nc6 11. Qd2 d6 12. Rfd1 Qb8 13. Rac1 b5 14. Nd5 Nxd5 15. Bxg7 Kxg7 16. cxd5 Ne5 17. Nd4 h6 18. h3 Nd7 19. Nc6 Qe8 20. Na5 Qb8 21. Qc3+ Nf6 22. Qc7 Bc8 23. Qxb8 Rxb8 24. Rc7 Bd7 25. Rdc1 Rbc8 26. f4 Rxc7 27. Rxc7 Rc8 28. Rxc8 Bxc8 29. Kf2 Kf8 30. e4 Ke8 31. Ke3 g5 32. e5 Nh5 33. Kf3 gxf4 34. gxf4 Bf5 35. Ke3 Bc8 36. b4 Ng3 37. Nc6 Nf5+ 38. Ke4 1/2-1/2

[Event "BCF-chT2b 1213 (4NCL)"]
[Site "England"]
[Date "2012.11.03"]
[Round "1.56"]
[White "Bellin, Jana"]
[Black "Maguire, Robert"]
[Result "1/2-1/2"]
[WhiteElo "2128"]
[BlackElo "1956"]
[PlyCount "83"]
[EventDate "2012.11.03"]
[EventType "team-tourn"]
[EventRounds "7"]
[EventCountry "ENG"]
[SourceTitle "EXT 2014"]
[Source "ChessBase"]
[SourceDate "2013.11.20"]
[SourceVersion "1"]
[SourceVersionDate "2013.11.20"]
[SourceQuality "1"]
[WhiteTeam "The ADS"]
[BlackTeam "KJCA Kings"]
[WhiteTeamCountry "ENG"]
[BlackTeamCountry "ENG"]

1. d4 Nf6 2. Nf3 g6 3. c4 Bg7 4. Nc3 d6 5. Bg5 0-0 6. e3 c5 7. Be2 Bf5 8. 0-0 Nc6 9. d5 Na5 10. Nd2 Bd7 11. Qc2 a6 12. a4 Qb6 13. e4 e6 14. Rab1 exd5 15. cxd5 Qc7 16. b3 Rab8 17. Nd1 Rbc8 18. Nc3 Rfe8 19. Bf4 Ng4 20. Bxg4 Bxg4 21. Nc4 Nxc4 22. bxc4 Bd4 23. Kh1 Rb8 24. h3 Bd7 25. Ne2 Bg7 26. a5 f5 27. Rb6 Be5 28. Bxe5 Rxe5 29. exf5 Bxf5 30. Qd2 Rbe8 31. Ng3 Qe7 32. Nxf5 Rxf5 33. Rfb1 Rf7 34. Qb2 Rb8 35. Rxa6 Rbf8 36. Rb6 Rxf2 37. Qc1 Qe4 38. Qg5 Qxc4 39. Rxb7 Qe4 40. Rb8 Rf1+ 41. Rxf1 Rxb8 42. Qd2 1/2-1/2

[Event "BCF-chTa 1112 (4NCL)"]
[Site "England"]
[Date "2012.02.11"]
[Round "5.26"]
[White "Duncan, Christopher R"]
[Black "Bellin, Jana"]
[Result "1-0"]
[WhiteElo "2315"]
[BlackElo "2133"]
[PlyCount "115"]
[EventDate "2011.11.12"]
[EventType "team-tourn"]
[EventRounds "7"]
[EventCountry "ENG"]
[SourceTitle "EXT 2013"]
[Source "ChessBase"]
[SourceDate "2012.11.22"]
[SourceVersion "1"]
[SourceVersionDate "2012.11.22"]
[SourceQuality "1"]
[WhiteTeam "Blackthorne Russia"]
[BlackTeam "The ADS"]
[WhiteTeamCountry "ENG"]
[BlackTeamCountry "ENG"]

1. Nf3 Nf6 2. c4 b6 3. g3 Bb7 4. Bg2 c5 5. 0-0 e6 6. Nc3 Be7 7. Re1 d6 8. e4 a6 9. b3 Nbd7 10. d4 cxd4 11. Qxd4 0-0 12. Bb2 Qc7 13. Rad1 Rfd8 14. h3 Rac8 15. Nh2 Bf8 16. Kh1 Bc6 17. Ba3 Nc5 18. b4 Na4 19. Rc1 Nxc3 20. Rxc3 Ba8 21. Rcc1 Qb7 22. Ng4 Nxg4 23. hxg4 b5 24. cxb5 axb5 25. Bb2 Rxc1 26. Rxc1 Rc8 27. Rxc8 Qxc8 28. Qc3 Qa6 29. a3 d5 30. exd5 Bxd5 31. Bxd5 exd5 32. Kg2 Qe6 33. Qd4 f6 34. Kf3 Bd6 35. Qd3 Kf7 36. Qxh7 d4 37. Bxd4 Qb3+ 38. Be3 Qxa3 39. g5 fxg5 40. Qf5+ Ke7 41. Qxg5+ Ke6 42. Qg6+ Kd7 43. Qxg7+ Kc6 44. g4 Qxb4 45. g5 Qb1 46. Qc3+ Kd7 47. Qd4 Qh1+ 48. Ke2 Qh5+ 49. Kd2 Qf7 50. Qd3 Qa2+ 51. Ke1 Qa1+ 52. Ke2 Qa2+ 53. Kf3 Qf7+ 54. Kg2 Qc4 55. Qf5+ Ke8 56. g6 b4 57. g7 Qg8 58. Bd4 1-0

[Event "BCF-chT1d 1011 (4NCL) Demotion pool"]
[Site "England"]
[Date "2011.05.02"]
[Round "11.18"]
[White "Tidman, Sophie E"]
[Black "Bellin, Jana"]
[Result "0-1"]
[WhiteElo "2109"]
[BlackElo "2137"]
[PlyCount "102"]
[EventDate "2010.11.06"]
[EventType "team-tourn"]
[EventRounds "4"]
[EventCountry "ENG"]
[SourceTitle "EXT 2012"]
[Source "ChessBase"]
[SourceDate "2011.11.24"]
[SourceVersion "1"]
[SourceVersionDate "2011.11.24"]
[SourceQuality "1"]
[WhiteTeam "Oxford"]
[BlackTeam "The ADS"]
[WhiteTeamCountry "ENG"]
[BlackTeamCountry "ENG"]

1. e4 c5 2. Nf3 e6 3. d4 cxd4 4. Nxd4 a6 5. Nc3 Qc7 6. Bd3 Nf6 7. 0-0 Nc6 8. Be3 b5 9. Nxc6 dxc6 10. f4 e5 11. fxe5 Ng4 12. Qf3 Nxe3 13. Qxe3 Qxe5 14. Qf3 Bc5+ 15. Kh1 Be6 16. Qf4 Qxf4 17. Rxf4 Bd4 18. a3 0-0 19. Rb1 Rad8 20. Ne2 Be5 21. Rf2 f6 22. Nf4 Bf7 23. g3 Rfe8 24. a4 Bd4 25. Rd2 g5 26. Ng2 Bg6 27. axb5 axb5 28. Re2 Re7 29. c4 Bb6 30. Bc2 bxc4 31. Ra1 Bh5 32. Ree1 Rd2 33. Bd1 Bg6 34. Bf3 Rxb2 35. Ra8+ Kg7 36. Ne3 Bxe3 37. Rxe3 Rb3 38. Rxb3 cxb3 39. Rb8 Bxe4 40. Bxe4 Rxe4 41. Rxb3 c5 42. Rb7+ Kg6 43. Rc7 c4 44. Kg2 g4 45. Kf2 Kf5 46. Rxh7 Ke5 47. h4 gxh3 48. Kf3 f5 49. Rxh3 c3 50. Rh8 Kd4 51. Rc8 Kd3 0-1

[Event "BCF-chT1a 1011 (4NCL)"]
[Site "England"]
[Date "2011.02.19"]
[Round "5.14"]
[White "Bellin, Jana"]
[Black "McKenna, Jason P"]
[Result "0-1"]
[WhiteElo "2137"]
[BlackElo "2081"]
[PlyCount "64"]
[EventDate "2010.11.06"]
[EventType "team-tourn"]
[EventRounds "7"]
[EventCountry "ENG"]
[SourceTitle "EXT 2012"]
[Source "ChessBase"]
[SourceDate "2011.11.24"]
[SourceVersion "1"]
[SourceVersionDate "2011.11.24"]
[SourceQuality "1"]
[WhiteTeam "The ADS"]
[BlackTeam "Cheddleton"]
[WhiteTeamCountry "ENG"]
[BlackTeamCountry "ENG"]

1. d4 g6 2. Nf3 Bg7 3. c4 d6 4. Nc3 Nf6 5. Bg5 0-0 6. e3 Nbd7 7. Be2 c6 8. Qc2 Qc7 9. 0-0 e5 10. dxe5 dxe5 11. Nd2 Re8 12. Rad1 Nf8 13. b4 a5 14. a3 b6 15. b5 Bb7 16. Qb3 Ne6 17. Bxf6 Nc5 18. Qb1 Bxf6 19. bxc6 Bxc6 20. Nd5 Bxd5 21. cxd5 e4 22. Bb5 Be5 23. Bxe8 Bxh2+ 24. Kh1 Rxe8 25. Nc4 Nd3 26. Qb5 Rc8 27. Nxb6 Rb8 28. Rb1 Bd6 29. Qc6 Qe7 30. Kg1 Ne5 31. Nc8 Nf3+ 32. gxf3 Qg5+ 0-1

[Event "BCF-chT1a 1011 (4NCL)"]
[Site "England"]
[Date "2011.01.16"]
[Round "4.12"]
[White "Lauterbach, Ingrid"]
[Black "Bellin, Jana"]
[Result "1/2-1/2"]
[WhiteElo "2109"]
[BlackElo "2137"]
[PlyCount "40"]
[EventDate "2010.11.06"]
[EventType "team-tourn"]
[EventRounds "7"]
[EventCountry "ENG"]
[SourceTitle "EXT 2012"]
[Source "ChessBase"]
[SourceDate "2011.11.24"]
[SourceVersion "1"]
[SourceVersionDate "2011.11.24"]
[SourceQuality "1"]
[WhiteTeam "Barbican"]
[BlackTeam "The ADS"]
[WhiteTeamCountry "ENG"]
[BlackTeamCountry "ENG"]

1. e4 c5 2. Nf3 e6 3. d4 cxd4 4. Nxd4 a6 5. Bd3 Nf6 6. 0-0 d6 7. c4 Be7 8. Nc3 0-0 9. Kh1 Qc7 10. f4 Nc6 11. Qe2 Rd8 12. Be3 b6 13. Rac1 Bb7 14. Bb1 Rac8 15. b3 Re8 16. Nf3 Qb8 17. Bg1 Nh5 18. Nd4 g6 19. f5 Bg5 20. Rcd1 Ne5 1/2-1/2

[Event "BCF-chT1a 1011 (4NCL)"]
[Site "England"]
[Date "2010.11.07"]
[Round "2.11"]
[White "Bellin, Jana"]
[Black "Emms, John M"]
[Result "0-1"]
[WhiteElo "2137"]
[BlackElo "2475"]
[PlyCount "79"]
[EventDate "2010.11.06"]
[EventType "team-tourn"]
[EventRounds "7"]
[EventCountry "ENG"]
[SourceTitle "CBM 139 Extra"]
[Source "ChessBase"]
[SourceDate "2011.01.05"]
[SourceVersion "1"]
[SourceVersionDate "2011.01.05"]
[SourceQuality "1"]
[WhiteTeam "The ADS"]
[BlackTeam "Pride and Prejudice"]
[WhiteTeamCountry "ENG"]
[BlackTeamCountry "ENG"]

1. d4 g6 2. Nf3 Bg7 3. c3 d6 4. Bf4 Nd7 5. e4 e5 6. Bg5 Ngf6 7. Nbd2 0-0 8. dxe5 dxe5 9. Bc4 h6 10. Bxf6 Qxf6 11. 0-0 b6 12. a4 a6 13. Qe2 Bb7 14. Rfd1 Nc5 15. Bd5 c6 16. Bc4 b5 17. axb5 axb5 18. Nb3 Na4 19. Bd3 Qe7 20. Qc2 Bc8 21. Nbd2 Be6 22. Be2 Rfc8 23. Ne1 Bf8 24. b3 Nc5 25. Nd3 Qf6 26. b4 Nxd3 27. Bxd3 h5 28. Nb3 h4 29. h3 Kg7 30. Rxa8 Rxa8 31. Na5 c5 32. Bxb5 cxb4 33. cxb4 Bxb4 34. Nb3 Rc8 35. Qb2 Bc3 36. Qa3 Qg5 37. Rd3 Bd4 38. Nd2 Rc2 39. Nf3 Rc1+ 40. Kh2 0-1